| 000 | 00721nam a2200229 i 4500 | ||
|---|---|---|---|
| 001 | 25503 | ||
| 003 | ES-MaACL | ||
| 005 | 20230906153300.0 | ||
| 007 | t| | ||
| 008 | 021226s1969 sp ||||1| spa d | ||
| 080 | _a929 Jiménez de Quesada Gonzalo | ||
| 100 | 1 |
_aArciniegas, Germán. _922498 |
|
| 245 | 1 | 3 |
_aEl caballero de El Dorado / _cGermán Arciniegas. |
| 260 |
_aMadrid : _bRevista de Occidente, _c[1969] |
||
| 300 |
_a244 p. ; _c22 cm. |
||
| 490 | 1 | _aCimas de América | |
| 600 | 1 | 4 |
_aJiménez de Quesada, Gonzalo. _9152425 |
| 651 | 4 |
_aColombia- _xHistoria- _y1499-1550, Descubrimiento y conquista. _9152427 |
|
| 830 | 1 |
_aCimas de América _9180982 |
|
| 852 |
_aES-MaACL _jC-38787 |
||
| 999 |
_c25503 _d25503 |
||